Sports Quiz

Random Sports Quiz

Rangers 19-20 Nicknames Quiz Stats

 Plays Quiz not verified by Sporcle

Support Sporcle.
Go Orange.
Score 0/10 Timer 10:00
0 Plays Today
Hint Answer % Correct
Breadman
100%
Kreids
66.7%
Zibby
66.7%
Georgie
66.7%
Tony D
66.7%
Smity
66.7%
Mckeggy
66.7%
Henry
33.3%
Foxy
33.3%
Buch
33.3%

You're not logged in!

Compare scores with friends on all Sporcle quizzes.
OR
Log In

From the Vault

Video Game by Pumpkin

by emilymarie07

Oh my gourd. These pumpkins are amazing.
Remove Ads.
Support Sporcle.
Get the best of Sporcle when you Go Orange. This ad-free experience offers more features, more stats, and more fun while also helping to support Sporcle. Thank you for becoming a member.

Show Comments

Extras

Created Feb 17, 2020ReportNominate
Tags:nickname, Ranger

Top Quizzes Today


Score Distribution

Your Account Isn't Verified!

In order to create a playlist on Sporcle, you need to verify the email address you used during registration. Go to your Sporcle Settings to finish the process.

Report this User

Report this user for behavior that violates our Community Guidelines.

Details: